00588nam a2200169Ia 4500003000900000008004100009040001600050080001700066100001900083245015600102260003900258300001000297490002700307650004100334650001300375650003000388IN-BaIIA211028s9999 xx 000 0 eng d cIIA Library a52(091)bBOY aBoyer, Carl B. 4aThe history of the calculus and its conceptual development (the concepts of the calculus)cCarl B. Boyer  aNew YorkbDover Publicationsc1949 a346p. aDover books on science aAstronomy and astrophysics thesaurus aCalculus aMathematical applications